00710nam a2200205 i 450000100060000000300090000600500170001500700030003200800410003510000460007624500390012226000330016130000410019449000370023560000160027283000450028885200320033399900170036595201220038238366ES-MaACL20250831112820.0t|030225s1966 sp ||||1| spa d1 aCabezas, Juan Antonio, d1900-199393320010aAsturias / cJuan Antonio Cabezas. aBarcelona : bAries, c1966. a200 p., 10 lám. : bil. ; c17 cm.1 aGuías turísticas de España17a 292421710 aGuías turísticas de España9229672 aES-MaACLjC-30603 bR.60624 c38366d38366 00104070aATENEOMbATENEOMcDEPO2d2008-01-17eSCl0oC-30603p1040393r2023-02-23 00:00:00w2023-02-23yMONOGRAFIA